Lázár Ervin meséi

Bibliographic Details
Main Author: Lázár, Ervin, 1936-2006 (Author)
Format: Article
Language:Hungarian
PhysicalDescription:Obr.
Subjects:

MARC

LEADER 00000nab a2200000 ar4500
001 vtls009003561
003 SK-MaSNL
005 20260303065557.0
008 070504c2007 xo |||||||| 000 b|hun
015 |a SNBRB2007/05  |2 snkbucl 
038 |a SNKBUCL 
040 |a DSZK  |b slo  |c DSZK  |e AACR2 
041 0 |a hun 
044 |a xo  |c SK 
080 |a 821.511.141-93=511.141  |2 1997 
080 |a 821.511.141-32(0.053.2)=511.141  |2 1997 
100 1 |a Lázár, Ervin,  |d 1936-2006  |4 aut  |9 178765 
245 1 0 |a Lázár Ervin meséi 
300 |b Obr. 
500 |a Blok obsahuje 2 rozprávky 
650 0 7 |a autorské rozprávky, maďarské  |2 snkbucl  |9 71245 
740 0 2 |a Két reggel 
740 0 2 |a Mese reggelre 
773 0 |t Tücsök  |g Évf. 17, sz. 6 (2007), o. 26-27 
852 |a SNK  |b KIS3GCP 
852 |a DSZK  |b KIS3GCP 
958 |a HU 
958 |a LX 
958 |a DB 
999 |c 1751766  |d 1753696